000 00351 a2200133 4500
999 _c325006
_d325006
001 89933
003 NUST
082 _a297.352 ASI
100 _aAsif Mahmood Jah Dr
_99910
245 _aAllah, Kaaba aur Banda
_cDr Asif Mahmood Jah
_hUrdu
260 _aLahore
_bIlmo Irfan Publishers
_c2013
300 _a400p.
500 _aGeneral Books
942 _aCAE NUST
_cBK
_k297.352 ASI
_2ddc